00522nam a22001577a 4500003000400000008004100004020001800045082001700063100002200080245007400102260006500176300001800241650003600259650004800295650002100343OSt240514b2012 |||||||| |||| 00| 0 eng d a9789380578910 a658.8bDUT-F aDutta, Bholanath. aFundamentals of sales and distribution management /cBholanath Dutta. aNew Delhi :bI.K. International Publishing House PVT,c2011. axiv, 281 p. ; aMarketing channels - Management aPhysical distribution of goods - Management aSales management